000 01018nam a22002897i 4500
003 EG-GICUC
005 20260121101554.0
008 251231s1960 uk bo||fr|||| 001 0 eng d
040 _aEG-GiCUC
_cEG-GiCUC
_dEG-GiCUC
_erda
_beng
041 _aeng
082 0 4 _221
_a341.30624
_bFA . S
092 0 4 _221
099 _aLaw1 11 341.30624 FA . S 1960
100 1 _aFabunmi, L. A.
_eAuthor.
245 1 4 _aThe Sudan In Anglo-egyptian Relations :
_bA Case Study In Power Politics, 1800-1956 /
_cL.A. Fabunmi.
264 1 _aLondon :
_bLongmans,
_c1960.
300 _axx, 466 pages :
_bMap,Photographs ;
_c24 cm.
336 _2rda content
_atext
337 _2rda media
_aComputer
338 _2rda carrier
_aOnline Resource
504 _aIncludes Bibliography And Bibliographic references And Index.
546 _aText in English
650 1 4 _aInternational relations
_xPublic international law
_zSudan
_zEgypt
856 4 0 _uhttps://fll.law.cu.edu.eg/fulltext/bks/B11-06583.pdf
905 _a75
942 _2ddc
_cBK
_e21
_n0
999 _c53414
_d53414